Alla Mia Età - Tiziano Ferro - Testo Completo - Statistics

Statistiche generali
  • Questo quiz è stato fatto 68 volte
  • Il punteggio medio è 243 su 290
Statistiche sulle risposte
Risposta % Corretto
a
100%
e
100%
E
100%
è
100%
età
100%
i
100%
la
100%
mi
100%
mia
100%
alla
97%
il
97%
che,
95%
che
95%
Che
95%
le
95%
Ma
95%
per
95%
di
92%
Di
92%
se
92%
un
92%
Amore,
89%
amore
89%
Come
89%
come
89%
sa
89%
sempre
89%
ti
89%
chi
86%
da
86%
ha
86%
hai
86%
Lo
86%
si
86%
solo
86%
te
86%
tutto
86%
vita
86%
bene
84%
dato
84%
far
84%
in
84%
notte
84%
poi
84%
porta
84%
Sei
84%
son
84%
Sono
84%
sulla
84%
tanto
84%
ancora
81%
dolore,
81%
gioia,
81%
gli
81%
grazie
81%
io
81%
n'è
81%
perdonare
81%
piangere
81%
della
78%
falso
78%
gran
78%
grande
78%
Perché
78%
perché
78%
Quindi
78%
ringrazio
78%
sento
78%
belle
76%
campione
76%
caso
76%
ciò
76%
cose
76%
fingi
76%
fingo
76%
Insulti
76%
l'allegria
76%
l'errore
76%
mentre
76%
può
76%
rigore
76%
simpatia
76%
tutti
76%
verrà
76%
accorto
73%
Anche
73%
angeli,
73%
aviatori,
73%
brutte
73%
chiedo
73%
Complimenti
73%
ed
73%
Ed
73%
escludi
73%
farai
73%
ho
73%
male
73%
morto
73%
nessuno
73%
ora
73%
parole
73%
pericolo
73%
piangerai
73%
retorica
73%
rimani
73%
riservi
73%
salva
73%
salvare
73%
sanno
73%
serve
73%
Spero
73%
va
73%
volare
73%
aerei,
70%
aquile
70%
caos
70%
crolla
70%
deserto
70%
diventi
70%
falchi,
70%
terremoto
70%
ascoltato
68%
detto
68%
dice
68%
diffidente
68%
mancata
68%
modifica
68%
nuvole,
68%
Però
68%
Dio
65%
ferire
65%
gesti
65%
Lui
65%
mai
65%
morire
65%
non
65%
perdonato
65%
solamente
65%
tue
65%
stato
62%
cieco
59%
confonde
59%
osserva
59%
paure
59%
scritto
59%
siano
59%
Osservavo
57%
suggerito
57%
facile
54%
senza
49%
Certo
46%
rancore
43%
cure
24%
Nessun quiz corrispondente trovato
Distribuzione punteggi
Percentuale di utenti per punteggio
Percentile per numero di risposta
I tuoi punteggi nel tempo
Non hai fatto questo quiz